00512nam a2200205 a 4500001001300000003000900013005001700022008004100039020001000080082001700090100002100107245001700128260003300145300000900178500003500187505001700222650001900239650002700258700002100285nice12345678IN_TiNIC20260116012136.0050524s1976 boma grp 000 0 urd  ac10000a954.035bAZA aAzad, Abul Kalam aHamari Azadi aBombaybOrient Longmanc1976 a506p aincludes index and biblioraphy2 aBibliography aIndia-Politics aIndia-Freedom Struggle1 aAzad, Abul Kalam